| 000 | 01238nam a2200373Ia 4500 | ||
|---|---|---|---|
| 003 | OSt | ||
| 005 | 20260217180603.0 | ||
| 008 | 260117260117b sz |||||||| |||| eng 0 eng d | ||
| 020 | _a9783031789038 | ||
| 040 |
_aaue _beng _caue _erda |
||
| 041 | _aeng | ||
| 050 | 0 |
_aUA853.A7 _b.A73 2025. |
|
| 245 | 0 | 0 |
_aArabian Gulf Security/ _cedited by Gregory Simons, Khaled Al-Kassimi, Kleanthis Kyriakidis. |
| 264 | 1 |
_aCham, Switzerland : _bSpringer, _c2025 |
|
| 300 |
_a119 pages: _billustrations ; _c24 cm. |
||
| 336 |
_2rdacontent _atext _btxt |
||
| 337 |
_2rdamedia _aunmediated _bn |
||
| 338 |
_2rdacarrier _avolume _bnc |
||
| 490 | 1 | _aAdvances in science, technology & innovation. | |
| 504 | _aIncludes bibliographical references and index. | ||
| 650 | 0 | _aNational security | |
| 650 | 0 |
_aNational security _xPersian Gulf Region. |
|
| 650 | 0 | _aMilitary policy | |
| 650 | 0 |
_aMilitary policy _zPersian Gulf Region. |
|
| 650 | 0 |
_aRegional security _zPersian Gulf Region. |
|
| 650 | 0 |
_aWater security _zPersian Gulf Region. |
|
| 650 | 0 |
_aCybersecurity _zUAE |
|
| 650 | 0 |
_aHealthcare _zUAE |
|
| 700 | 1 | _aSimons, Gregory, | |
| 700 | 1 | _aKhaled Al-Kassimi | |
| 700 | 1 | _aKleanthis Kyriakidis | |
| 942 |
_cBK _2lcc _n0 |
||
| 999 |
_c30417 _d30417 |
||